Лемківщина у боротьбі за об'єднання з Україною (Запис № 458097)

МАРК-запис
000 -Лідер
fixed length control field 01021 a2200241 4500
003 - Ідентифікатор контрольного номера
control field UA-OsUOA
005 - Дата та час останнього входження (трансакції)
control field 20260310155835.0
008 - Елементи даних фіксованої довжини – загальна інформація
fixed length control field 200211b un ||||| |||| 00| 0 ukr d
040 ## - Джерело каталогізації
Агенція оригінальної каталогізації UA-OsUOA
Мова каталогізації ukr
Агенція, яка здійснювала перезапис UA-OsUOA
Агенція, яка здійснювала модифікацію UA-OsUOA
041 ## - Код мови
Код мови тексту/ звукової доріжки чи окремого заголовка (П) ukr
080 ## - Індекс Універсальної десяткової класифікації
Індекс Універсальної десяткової класифікації (УДК) (НП) 94(477)
090 ## - Локальний шифр розміщення
Класифікаційний індекс УДК 94(477)
Авторський знак (НП) К78
100 ## - Основне введення – ім’я особи
Ім’я особи (НП) Красовський І.
9 (RLIN) 24367
245 ## - Відомості про назву
Назва (НП) Лемківщина у боротьбі за об'єднання з Україною
Дані про відповідальність (НП) Іван Красовський
260 ## - Публікація, розповсюдження і т.п. (Вихідні дані)
Дата публікації, розповсюдження і т.п. (П) 1964
Місце публікації, розповсюдження і т.п. (П) Йонкерс
Ім’я/ наймення видавництва, розповсюджувача і т.п. (П) Накладом 2-го Відділу Організації Оборони Лемківщини в Йонкерсі
300 ## - Фізичний опис
Обсяг 32 с.
490 ## - Область серії
Назва серії Бібліотека "Голосу Лемківщини"
Позначення і номер тому / порядкове позначення ч. 1
650 ## - Додаткове предметне введення – тематичний термін
Джерело заголовка чи терміна UDC
Тематичний термін чи географічна назва, як елемент введення (НП) 94(477) Історія України
9 (RLIN) 1446
700 1# - Додаткове введення – ім'я особи
Ім’я особи (НП) Красовський І.
9 (RLIN) 24367
942 ## - Додаткові елементи входу (Коха)
Тип елемента Koha Книги
Source of classification or shelving scheme Universal Decimal Classification
955 ## - Код типу видання за змістом
Код типу видання за змістом (НП) Наукові видання
Фонди
Стан вилучень Стан втрат Джерело класифікації або схеми стелажів Стан уражень Не для кредиту Постійне місце розташування Поточне розміщення Дата придбання Джерело придбання Вартість, звичайна ціна покупки Інвентарний номер Усього замовленно Повний номер виклику Штрих-код Дата останнього перегляду Ціна ефективна від Тип елемента Koha Примітка, призначена для загального доступу Вартість, ціна заміни
    Universal Decimal Classification     Наукова бібліотека ІДУД Наукова бібліотека ІДУД 11/02/2020 Акт надходження № 2/2020 (від О. Іванусіва) 1.00 2139907   94(477) К78 2139907 11/02/2020 11/02/2020 Книги Дарувальник Іванусів О.  
    Universal Decimal Classification     Наукова бібліотека ІДУД Наукова бібліотека ІДУД 31/03/2025 №1/16.01.2025 (ІДУД) 1.00 300121   94(477).03 К78 300121 31/03/2025 31/03/2025 Брошура Брошуру отримано в дар від Церкви Пресвятої Трійці 1.00